=LDR 00000nam 2200000 4500 =001 INLIS000000000038245 =005 20140925091313.0 =006 =007 =008 Ind =035 ##$$a 0010-061300000038245 =041 ##$$a Ind =082 ##$$a 910.09 =090 ##$$a 910.09, Eks e =245 ##$$a Ekspedisi anjer - Panaroekan, Laporan jurnalistik kompas, Sidi Pramono =260 ##$$a 2008 $b Jakarta =300 ##$$a xvi,429 hlm, Ilus, 23 cm =650 ##$$a Perjalanan =700 ##$$a Pramond, Sidi =850 ##$$a NBPNMAT =990 ##$$a 0001/BPAP-NTB/20142014 =990 ##$$a 30563056 =990 ##$$a 01201803056 =990 ##$$a 0001/BPAP-NTB/20142014 =990 ##$$a 0001/BPAP-NTB/20142014